00510nam a2200157Ia 450000500170000000800410001708200150005810000190007324500250009226000500011730000130016750000540018094200060023495200970024099900150033720250515020841.0240331s9999 xx 000 0 und d a301.7bVAN aVanamamalai, N 0aMakkalum marabukalum aChennaibNew Century Book House Pvt Ltdc1975 a188 p ., aA Book of manidaviyal Arachi Kadoorai Thoguppu cL 001040708LaWERCLbWERCLcSSCd2024-03-31l0o 301.7 VANp3028r2024-03-31w2024-03-31yL c1062d1062